000 00389nam a2200133Ia 4500
008 220217s9999||||xx |||||||||||||| ||und||
020 _a978-81-2652-580-5
082 _a670 REB
100 _aRebeiz, Gabriel, M
_97564
245 0 _aRF MEMS theory, design and technology
260 _aWiley india
_bNew Delhi
_c2010
300 _aXX,483p.;28cm
_b995
650 _aMICROWAVE ENGINEERING
999 _c181172
_d181172